Data abstraction : (Record no. 2385)
[ view plain ]
| 000 -LEADER | |
|---|---|
| fixed length control field | 00873nam a22002412 4500 |
| 001 - CONTROL NUMBER | |
| control field | 0000004019 |
| 005 - DATE AND TIME OF LATEST TRANSACTION | |
| control field | 20151217145749.0 |
| 008 - FIXED-LENGTH DATA ELEMENTS--GENERAL INFORMATION | |
| fixed length control field | 070517s xx 000 0 eng d |
| 020 ## - INTERNATIONAL STANDARD BOOK NUMBER | |
| International Standard Book Number | 0079116922 : |
| Terms of availability | KES 500 (don.) |
| 040 ## - CATALOGING SOURCE | |
| Original cataloging agency | KABU |
| Transcribing agency | KABU |
| 050 #0 - LIBRARY OF CONGRESS CALL NUMBER | |
| Classification number | QA76.64 |
| Item number | .B47 |
| 100 1# - MAIN ENTRY--PERSONAL NAME | |
| Personal name | Bergin. Joseph. |
| -- | 0000154342 |
| 245 10 - TITLE STATEMENT | |
| Title | Data abstraction : |
| Remainder of title | the object-oriented approach using C++. / |
| Statement of responsibility, etc. | Joseph Bergin. |
| 260 ## - PUBLICATION, DISTRIBUTION, ETC. (IMPRINT) | |
| Place of publication, distribution, etc. | New York : |
| Name of publisher, distributor, etc. | McGraw-Hill, |
| Date of publication, distribution, etc. | c1994. |
| 300 ## - PHYSICAL DESCRIPTION | |
| Extent | xxi, 666 p. ; |
| Dimensions | 25 cm. + |
| Accompanying material | 1 computer disk (3.5 in.) |
| 440 #0 - SERIES STATEMENT/ADDED ENTRY--TITLE | |
| Title | McGraw-Hill series in computer science |
| -- | 0000154343 |
| 650 #0 - SUBJECT ADDED ENTRY--TOPICAL TERM | |
| Topical term or geographic name as entry element | Object oriented programming (Computer science) |
| -- | 0000148166 |
| 650 #0 - SUBJECT ADDED ENTRY--TOPICAL TERM | |
| Topical term or geographic name as entry element | C++ (Computer program language) |
| -- | 0000154344 |
| 908 ## - PUT COMMAND PARAMETER (RLIN) | |
| Put command parameter | 070517 |
| 950 ## - LOCAL HOLDINGS (RLIN) | |
| -- | 1 |
| Withdrawn status | Lost status | Source of classification or shelving scheme | Not for loan | Home library | Current library | Date acquired | Total Checkouts | Full call number | Barcode | Date last seen | Date last checked out | Price effective from | Koha item type |
|---|---|---|---|---|---|---|---|---|---|---|---|---|---|
| Library of Congress Classification | Kabarak, Main Campus | Kabarak, Main Campus | 17/12/2015 | 1 | QA76.64 .B47 | 004359 | 11/09/2023 | 11/09/2023 | 17/12/2015 | General Collection | |||
| Library of Congress Classification | Kabarak, Main Campus | Kabarak, Main Campus | 17/12/2015 | QA76.64 .B47 | 004360 | 17/12/2015 | 17/12/2015 | General Collection |